Cambio: formación y solución de los problemas humanos

Saved in:
Bibliographic Details
Main Authors: Watzlawick, Paul (Author), Weakland, John H (Author), Fisch, Richard (Author)
Format: Book
Language:Spanish
Published: Barcelona Herder 1989
Edition:5a. ed
Series:Biblioteca de Psicología, 35
Subjects:
Tags: Add Tag
No Tags, Be the first to tag this record!

MARC

LEADER 00000nam a2200000 a 4500
001 UCW3416
003 CL-VaPUC
008 880818e19890000SP |||||||||||||||||spa|d
082 0 4 |a 150.194  |b WAT  |2 21 
100 0 |a Watzlawick, Paul  |e author  |9 307565 
700 0 |a Weakland, John H  |e author  |9 307566 
700 0 |a Fisch, Richard  |e author  |9 307567 
245 1 0 |a Cambio: formación y solución de los problemas humanos 
250 |a 5a. ed 
300 |a 194 p 
942 |c BK 
945 |d 19880818 00:00:00 
260 |a Barcelona  |b Herder  |c 1989 
650 7 |a CAMBIO  |2 CL-VaPUC  |9 307568 
650 0 |a Psicología   |9 257863 
583 |a last modification  |c 19880818 00:00:00  |k Rodrigo Vera 
490 0 |a Biblioteca de Psicología, 35 
999 |c 217421  |d 217419 
952 |0 0  |1 0  |4 0  |6 150_194000000000000_WAT_1989  |7 0  |8 A  |9 204940  |a BIBEDU  |b BIBEDU  |d 2019-11-15  |i 2728656  |o 150.194 WAT 1989  |p 2728656  |r 2019-11-15  |w 2019-11-15  |y BK  |k EDU 
952 |0 0  |1 0  |4 0  |6 150_194000000000000_WAT_1989  |7 0  |8 A  |9 204941  |a BIBEDU  |b BIBEDU  |d 2019-11-15  |i 2728664  |o 150.194 WAT 1989  |p 2728664  |r 2019-11-15  |w 2019-11-15  |y BK  |k EDU 
952 |0 0  |1 0  |4 0  |6 150_194000000000000_WAT_1989  |7 0  |8 A  |9 204942  |a BIBEDU  |b BIBEDU  |d 2019-11-15  |i 2728672  |o 150.194 WAT 1989  |p 2728672  |r 2019-11-15  |w 2019-11-15  |y BK  |k EDU